| 000 | 00775nam a2200217 a 4500 | ||
|---|---|---|---|
| 001 | 000034504 | ||
| 005 | 20200930073734.0 | ||
| 008 | 111005s1999 ko 000 0 spa d | ||
| 020 | _a978081799552 | ||
| 040 |
_aDO-SdBNP _bspa _cBNPHU |
||
| 245 | 0 | 0 |
_aDemocracy and the korean economy / _cedited by Jongryn Mo and Chung-in Moon. |
| 260 |
_aStanford, Calif. : _bHoover Institution Press, _c1999. |
||
| 300 |
_a210 p. ; _c24 cm. |
||
| 490 | 1 |
_aHoover Institution Press, Publicaction _v447 |
|
| 500 | _aBased on a symposium held at the Hoover Institution on July 2, 1996. | ||
| 500 | _aIncluye índice | ||
| 504 | _aBibliografía | ||
| 700 | 1 |
_aMo, Jongryn, _d1961- _959951 |
|
| 700 | 1 |
_aMoon, Chung-in. _959952 |
|
| 830 | 0 |
_aHoover Institution Press, Publicaction _v447 _959953 |
|
| 999 |
_c33995 _d33995 |
||